Statistics for Bible Characters by Description #2

Click here to take the quiz!

General Stats

  • This quiz has been taken 80 times
    (78 since last reset)
  • The average score is 10 of 12

Answer Stats

DescriptionAnswer% Correct
Betrayed JesusJudas
97%
Mother of JesusMary
97%
Was murdered by CainAbel
96%
Doubted JesusThomas
93%
Tricked by the serpentEve
91%
Had a coat of many coloursJoseph
91%
Risen from the dead by JesusLazarus
90%
His wife turned to a pillar of saltLot
90%
Built the TempleSolomon
83%
Led the battle against JerichoJoshua
78%
Spoke to PharaohAaron
68%
Had a vision on PatmosJohn
57%

Score Distribution

Percentile by Number Answered

Percent of People with Each Score

Your Score History

You have not taken this quiz since the last reset